Vamos hacia el Sur, en alianza con las asociaciones navegando en la contradicción democracia-justicia social /
Orlando Núñez, sociólogo e intelectual sandinista, integrado hoy a la administración pública como asesor del programa Hambre Cero, analizó las tendencias del nuevo gobierno FSLN, en una charla con envío que trascribimos
Kaydedildi:
| Yazar: | |
|---|---|
| Materyal Türü: | Metin |
| Konular: | |
| Etiketler: |
Etiketle
Etiket eklenmemiş, İlk siz ekleyin!
|
MARC
| LEADER | 00000 a a2200000 04500 | ||
|---|---|---|---|
| 001 | 7193 | ||
| 003 | |||
| 040 | |||
| 100 | |a Núñez, Orlando | ||
| 245 | |a Vamos hacia el Sur, en alianza con las asociaciones navegando en la contradicción democracia-justicia social / |c Orlando Núñez | ||
| 520 | |a Orlando Núñez, sociólogo e intelectual sandinista, integrado hoy a la administración pública como asesor del programa Hambre Cero, analizó las tendencias del nuevo gobierno FSLN, en una charla con envío que trascribimos | ||
| 650 | |a GOBIERNO | ||
| 650 | |a ASOCIACIONES | ||
| 650 | |a CORPORATIVISMO | ||
| 650 | |a DEMOCRACIA | ||
| 650 | |a JUSTICIA SOCIAL | ||
| 650 | |a PARTIDOS POLITICOS | ||
| 650 | |a EL SALVADOR | ||
| 773 | |g volumen 26, número 301; páginas 13-19 | ||
| 999 | |c 34225 |d 34225 | ||
